000 00392pam a2200157a 44500
008 230405s2014 xxu||||| |||| 00| 0 eng d
041 _aENG
100 _aSHEKSPEAR W
245 _aTWELFTH NIGHT
260 _aNEW DELHI
_bVISHVA BOOK
_c2014
300 _a87p.
440 _aSOURCE=PRASAD VTARAN GRANTH DALAN SANGLI
650 _aENGLISH DRAMA
690 _aENGLISH DRAMA
906 _a9980
999 _c790196
_d790196